David E. Kelley Series Quiz Stats

 Plays Quiz Updated Jul 27, 2017

Challenge
Share
Tweet
Embed
Score 0/17 Timer 04:00
0 Plays Today
Years Series % Correct
1989-1993Doogie Howser M.D.
85.9%
1997-2002Ally McBeal
84.1%
2004-2008Boston Legal
65.8%
1997-2004The Practice
53.8%
1994-2000Chicago Hope
44.6%
1992-1996Picket Fences
42.4%
2000-2004Boston Public
37.2%
2017Big Little Lies
32.1%
2013-2014The Crazy Ones
22.9%
Years Series % Correct
2016-presentGoliath
19%
2011-2012Harry's Law
11.6%
2013Monday Mornings
10.9%
1999-2000Snoops
5.5%
2002Girls Club
4.2%
2007The Wedding Bells
4.2%
2003The Brotherhood of Poland, New Hampshire
3.5%
2005The Law Firm
3.1%

You're not logged in!

Compare scores with friends on all Sporcle quizzes.
OR
Log In

You Might Also Like...

Show Comments

Extras

Top Quizzes Today


Score Distribution

Your Account Isn't Verified!

In order to create a playlist on Sporcle, you need to verify the email address you used during registration. Go to your Sporcle Settings to finish the process.

Report this User

Report this user for behavior that violates our Community Guidelines.

Details: